| Tag |
First Indicator |
Second Indicator |
Subfields |
| LEADER |
00000cam a2200000 4500 |
| 001 |
in00000970751 |
| 005 |
20150927114225.0 |
| 008 |
760212s1938 iluacf 00010 eng |
| 010 |
|
|
|a 38003699
|
| 035 |
|
|
|a (OCoLC)01987881
|
| 035 |
|
|
|9 AEW8387AM
|
| 040 |
|
|
|a DLC
|c TLM
|d OCL
|d TXA
|d UtOrBLW
|
| 049 |
|
|
|a TXAM
|
| 082 |
0 |
|
|a 620
|a (031)
|
| 090 |
|
|
|a TA15
|b .B56 1938
|
| 100 |
1 |
|
|a Bennett, J. Gardner
|q (Joseph Gardner),
|d 1889-1969.
|
| 245 |
1 |
4 |
|a The story of engineering /
|c by J. Gardner Bennett, B. S., C. E., professor and head of the Department of civil engineering, Lewis Institute, Chicago, and associates.
|
| 264 |
|
1 |
|a Chicago :
|b University of Knowledge, inc.,
|c [1938]
|
| 264 |
|
4 |
|c [©1938]
|
| 300 |
|
|
|a xvi, 384 pages :
|b including frontispiece, illustrations, diagrams ;
|c 24 cm.
|
| 336 |
|
|
|a text
|b txt
|2 rdacontent
|
| 337 |
|
|
|a unmediated
|b n
|2 rdamedia
|
| 338 |
|
|
|a volume
|b nc
|2 rdacarrier
|
| 490 |
1 |
|
|a University of knowledge ;
|v [v. 14]
|
| 500 |
|
|
|a On cover: Builders of civilization. The story of engineers and engineering.
|
| 650 |
|
0 |
|a Engineering.
|
| 650 |
|
0 |
|a Engineers.
|
| 740 |
0 |
|
|a Builders of civilization.
|
| 830 |
|
0 |
|a University of knowledge ;
|v [v. 14].
|
| 999 |
|
|
|a MARS
|
| 999 |
f |
f |
|s 5f68a2fe-85fd-3116-bd4c-9fa67a0d9351
|i e16215cf-fe7c-36df-86b9-c302c07af6ab
|t 0
|
| 952 |
f |
f |
|p normal
|a Texas A&M University
|b College Station
|c Sterling C. Evans Library
|d Evans: Library Stacks
|t 0
|e TA15 .B56 1938
|h Library of Congress classification
|i unmediated -- volume
|m A14813709220
|
| 998 |
f |
f |
|a TA15 .B56 1938
|t 0
|l Evans: Library Stacks
|